[Event "World University-ch (Women) 10th"]
[Site "Novokuznetsk"]
[Date "2008.03.07"]
[Round "5"]
[White "Seps, Monika"]
[Black "Paridar, Shadi"]
[Result "1-0"]
[WhiteElo "2264"]
[BlackElo "2225"]
[PlyCount "57"]
[EventDate "2008.03.04"]
[EventType "team"]
[EventRounds "9"]
[EventCountry "RUS"]
[SourceTitle "CBM 123 Extra"]
[Source "ChessBase"]
[SourceDate "2008.05.06"]
[SourceVersion "1"]
[SourceVersionDate "2008.05.06"]
[SourceQuality "1"]

1. e4 c5 2. Nf3 Nc6 3. d4 cxd4 4. Nxd4 Qc7 5. Nc3 e6 6. Be3 a6 7. Bd3 Nf6 8. 0-0 b5 9. Nxc6 Qxc6 10. f3 Bc5 11. Bxc5 Qxc5+ 12. Kh1 Bb7 13. Qd2 h5 14. a4 b4 15. Na2 a5 16. c3 bxc3 17. Nxc3 Bc6 18. Bb5 h4 19. Rac1 Nh5 20. Ne2 Qe5 21. Rxc6 dxc6 22. Bxc6+ Ke7 23. Qd7+ Kf6 24. f4 Qxb2 25. e5+ Kg6 26. Be4+ f5 27. Qxe6+ Nf6 28. Bxf5+ Kh6 29. Qf7 1-0

[Event "World University-ch (Women) 10th"]
[Site "Novokuznetsk"]
[Date "2008.03.06"]
[Round "4"]
[White "Paridar, Shadi"]
[Black "Wang, Yu A"]
[Result "0-1"]
[WhiteElo "2225"]
[BlackElo "2391"]
[PlyCount "98"]
[EventDate "2008.03.04"]
[EventType "team"]
[EventRounds "9"]
[EventCountry "RUS"]
[SourceTitle "CBM 123 Extra"]
[Source "ChessBase"]
[SourceDate "2008.05.06"]
[SourceVersion "1"]
[SourceVersionDate "2008.05.06"]
[SourceQuality "1"]

1. e4 e5 2. Bc4 Nf6 3. d3 Nc6 4. Nf3 Be7 5. 0-0 0-0 6. Bb3 d6 7. c3 Na5 8. Bc2 c5 9. Nbd2 Nc6 10. Re1 Qc7 11. Nc4 Be6 12. Qe2 Rad8 13. Ne3 h6 14. g3 Rfe8 15. Nh4 d5 16. Nhf5 d4 17. Nxe7+ Qxe7 18. Ng2 b5 19. f4 exf4 20. gxf4 Bg4 21. Qf2 Qd7 22. e5 Nd5 23. Bd2 Nb6 24. Kh1 c4 25. cxd4 Nxd4 26. Bd1 cxd3 27. Be3 Ne2 28. Bxb6 axb6 29. h3 Bh5 30. Kh2 Qd4 31. Qh4 Qxb2 32. Bb3 Bf3 33. Qf2 Bxg2 34. Qxg2 Qd4 35. Rf1 Nxf4 36. Qf3 g5 37. e6 fxe6 38. Rae1 Kg7 39. Rg1 Rf8 40. Rg4 Qd6 41. Kh1 d2 42. Reg1 Ng6 43. Qe2 Qc6+ 44. Kh2 e5 45. h4 Qf3 46. Qxb5 d1Q 47. Bxd1 Rxd1 48. h5 Rd2+ 49. R1g2 Qxg4 0-1

[Event "World University-ch (Women) 10th"]
[Site "Novokuznetsk"]
[Date "2008.03.05"]
[Round "2"]
[White "Paridar, Shadi"]
[Black "Kovanova, Baira"]
[Result "1/2-1/2"]
[WhiteElo "2225"]
[BlackElo "2348"]
[PlyCount "118"]
[EventDate "2008.03.04"]
[EventType "team"]
[EventRounds "9"]
[EventCountry "RUS"]
[SourceTitle "CBM 123 Extra"]
[Source "ChessBase"]
[SourceDate "2008.05.06"]
[SourceVersion "1"]
[SourceVersionDate "2008.05.06"]
[SourceQuality "1"]

1. e4 e5 2. Nf3 Nc6 3. Bc4 Bc5 4. c3 Nf6 5. d3 d6 6. Nbd2 a6 7. Bb3 Be6 8. h3 h6 9. Nf1 Ba7 10. Ng3 Qd7 11. Ba4 b5 12. Bc2 d5 13. Nd2 0-0 14. Qf3 Nh7 15. Nf5 Ng5 16. Qg4 Ne7 17. h4 Nxf5 18. exf5 Bxf5 19. Qg3 Nh7 20. Nf3 Qd6 21. 0-0 Rfe8 22. Re1 e4 23. Bf4 Qg6 24. Qxg6 Bxg6 25. h5 Bf5 26. Nh4 Bg4 27. dxe4 Nf6 28. exd5 Nxd5 29. Bg3 Bxh5 30. a4 Bb6 31. Bb3 Nf6 32. a5 Rxe1+ 33. Rxe1 Bxa5 34. Nf5 Re8 35. Rxe8+ Nxe8 36. Bd5 Bg4 37. Nd4 c5 38. Nb3 Bb6 39. Bb7 Be6 40. Nd2 Nc7 41. Ne4 Nd5 42. Bd6 b4 43. Bxa6 bxc3 44. bxc3 c4 45. Bxc4 Nxc3 46. Bd3 Nd5 47. Nc5 Bg4 48. Bc4 Nf6 49. Kf1 Bxc5 50. Bxc5 Be6 51. Bd3 Nd5 52. g3 f5 53. f4 Kf7 54. Kf2 Nf6 55. Bd4 Nd5 56. Be2 g5 57. Bh5+ Kf8 58. fxg5 hxg5 59. Bf3 Kf7 1/2-1/2

[Event "Asia-chT (Women) 05th"]
[Site "Visakhapatnam"]
[Date "2008.01.05"]
[Round "3"]
[White "Paridar, Shadi"]
[Black "Sahajasri, Cholleti"]
[Result "1-0"]
[WhiteElo "2225"]
[BlackElo "1899"]
[PlyCount "53"]
[EventDate "2008.01.03"]
[EventType "team-tourn"]
[EventRounds "7"]
[EventCountry "IND"]
[SourceTitle "EXT 2020"]
[Source "ChessBase"]
[SourceDate "2019.10.17"]
[SourceVersion "1"]
[SourceVersionDate "2019.10.17"]
[SourceQuality "1"]
[WhiteTeam "Iran (W)"]
[BlackTeam "India (W) III"]
[WhiteTeamCountry "IRI"]
[BlackTeamCountry "IND"]

1. e4 c5 2. c3 d5 3. exd5 Qxd5 4. d4 Nf6 5. Nf3 Bg4 6. dxc5 Qxd1+ 7. Kxd1 e6 8. b4 Nc6 9. Bb5 0-0-0+ 10. Ke2 g6 11. h3 Bxf3+ 12. gxf3 Bg7 13. Bxc6 bxc6 14. a4 a6 15. Ra2 Nd5 16. Bd2 Rd7 17. Rc1 Rb7 18. Na3 Kc7 19. Nc4 f5 20. Nd6 Rbb8 21. b5 cxb5 22. axb5 axb5 23. Ra7+ Kc6 24. Rxg7 Kxc5 25. c4 Kxd6 26. cxd5 Kxd5 27. Rd7+ 1-0

[Event "BL 0708 (Women)"]
[Site "Germany"]
[Date "2007.12.02"]
[Round "4.5"]
[White "Paridar, Shadi"]
[Black "Duppel, Tina"]
[Result "1-0"]
[WhiteElo "2236"]
[BlackElo "2274"]
[PlyCount "89"]
[EventDate "2007.11.10"]
[EventType "team-tourn"]
[EventRounds "11"]
[EventCountry "GER"]
[SourceTitle "EXT 2009"]
[Source "ChessBase"]
[SourceDate "2008.11.26"]
[SourceVersion "1"]
[SourceVersionDate "2008.11.26"]
[SourceQuality "1"]
[WhiteTeam "Hamburger SK (W)"]
[BlackTeam "Baden-Baden (W)"]
[WhiteTeamCountry "GER"]
[BlackTeamCountry "GER"]

1. e4 d6 2. d4 Nf6 3. Nc3 Nbd7 4. g3 e5 5. Nge2 Be7 6. Bg2 0-0 7. 0-0 c6 8. a4 a5 9. h3 Re8 10. Be3 Qc7 11. g4 Nf8 12. f4 exf4 13. Nxf4 Ne6 14. Nce2 Bf8 15. Nd3 h6 16. Ng3 Ng5 17. Nf2 Ngh7 18. Qd2 b6 19. Nd3 Ba6 20. Rf2 Ra7 21. Raf1 Qd8 22. Rf4 c5 23. c3 Qd7 24. b3 c4 25. e5 cxd3 26. exf6 Nxf6 27. Rxf6 gxf6 28. c4 Re6 29. Nf5 Bg7 30. Bd5 Bb7 31. Bxh6 Bxd5 32. cxd5 Re2 33. Qxd3 Qe8 34. Bxg7 Qe4 35. Qxe4 Rxe4 36. Bxf6 Rc7 37. Nxd6 Re2 38. Nc4 b5 39. axb5 a4 40. d6 Rd7 41. bxa4 Rc2 42. Ne3 Re2 43. Nf5 Ra7 44. b6 Rxa4 45. d7 1-0

[Event "Asian Indoor Games 2nd"]
[Site "Macau"]
[Date "2007.10.30"]
[Round "5"]
[White "Sukandar, Irine Kharisma"]
[Black "Paridar, Shadi"]
[Result "1-0"]
[WhiteElo "2275"]
[BlackElo "2236"]
[PlyCount "63"]
[EventDate "2007.10.28"]
[EventType "team"]
[EventRounds "6"]
[EventCountry "CHN"]
[SourceTitle "EXT 2008"]
[Source "ChessBase"]
[SourceDate "2007.11.25"]
[SourceVersion "1"]
[SourceVersionDate "2007.11.25"]
[SourceQuality "1"]

1. e4 c5 2. Nf3 Nc6 3. d4 cxd4 4. Nxd4 Qc7 5. Nc3 e6 6. Be3 a6 7. Bd3 Nf6 8. 0-0 Ne5 9. h3 Bc5 10. Kh1 d6 11. f4 Ng6 12. Qf3 0-0 13. Rae1 b5 14. a3 Qb6 15. Qf2 b4 16. Na4 Qc7 17. axb4 Bxb4 18. c3 Bc5 19. Nxc5 dxc5 20. Ne2 c4 21. Bb1 Bb7 22. Ng3 Nd7 23. f5 Nge5 24. Nh5 exf5 25. Qg3 g6 26. exf5 Qc6 27. Bd4 Nd3 28. Re7 Rad8 29. Rxd7 Rxd7 30. Nf6+ Kh8 31. Nxd7+ f6 32. Nxf8 1-0

[Event "Asia-ch (Women) 12th"]
[Site "Tehran"]
[Date "2007.09.10"]
[Round "8"]
[White "Ghader Pour, Shayesteh"]
[Black "Paridar, Shadi"]
[Result "1/2-1/2"]
[WhiteElo "2190"]
[BlackElo "2225"]
[PlyCount "49"]
[EventDate "2007.09.03"]
[EventType "swiss"]
[EventRounds "9"]
[EventCountry "IRI"]
[SourceTitle "CBM 120 Extra"]
[Source "ChessBase"]
[SourceDate "2007.11.01"]
[SourceVersion "1"]
[SourceVersionDate "2007.11.01"]
[SourceQuality "1"]

1. e4 c5 2. Nf3 d6 3. d4 cxd4 4. Nxd4 Nf6 5. Nc3 a6 6. Bc4 e6 7. Bb3 b5 8. 0-0 Be7 9. f4 0-0 10. e5 dxe5 11. fxe5 Nfd7 12. Be3 Nxe5 13. Qh5 Nbc6 14. Nxc6 Nxc6 15. Rf3 b4 16. Rh3 h6 17. Rd1 Qa5 18. Nd5 exd5 19. Rg3 d4 20. Bd5 Bg5 21. Bxg5 Qxd5 22. Bf6 Qxh5 23. Rxg7+ Kh8 24. Rg5+ Kh7 25. Rg7+ 1/2-1/2